[Event "Interpolis-03"]
[Site "Tilburg"]
[Date "1979.11.01"]
[Round "1"]
[White "Kavalek, Lubomir"]
[Black "Larsen, Bent"]
[Result "0-1"]
[WhiteElo "2590"]
[BlackElo "2620"]
[Annotator "Ftacnik,L"]
[PlyCount "77"]
[EventDate "1979.11.01"]
[EventType "tourn"]
[EventRounds "11"]
[EventCountry "NED"]
[EventCategory "15"]
[SourceTitle "MCL"]
[Source "ChessBase"]
[SourceDate "1999.07.01"]
[SourceVersion "1"]
[SourceVersionDate "1999.07.01"]
[SourceQuality "1"]

1. e4 c6 2. d4 d5 3. Nc3 dxe4 4. Nxe4 Nf6 5. Nxf6+ gxf6 6. Nf3 Bf5 7. Be2 Qc7 (
7... e6 8. O-O Nd7 9. c4 Qc7 10. d5 O-O-O 11. dxc6 bxc6 12. Be3 Bc5 13. Qc1
Rhg8 $13 {Kavalek-Larsen/Solingen/1970}) 8. O-O Nd7 9. c4 {/\d5} O-O-O 10. Be3
$6 (10. d5 e5 11. Be3 Kb8 12. Nh4 (12. dxc6 Nc5) 12... Bg6 $13) (10. Qa4 Kb8
11. Be3) 10... e6 11. Qa4 Kb8 12. b4 (12. Rfd1 Bd6 13. d5 c5 14. dxe6 fxe6 15.
Rd2 e5 16. Rad1 Nb6 17. Qa5 Nc8 $15 {Martinovic-Ciric/Yugoslavia/1973}) 12...
Rg8 $1 13. Kh1 Be4 14. Ne1 Nb6 15. Qb3 e5 $1 $15 16. Rd1 exd4 17. Bxd4 Bxb4 $6
(17... c5 18. bxc5 Bxc5 19. Bxf6 Rxd1 20. Bxd1 (20. Qxd1 Qf4 $15) 20... Qf4 $15
) 18. f3 $6 (18. Qxb4 Rxd4 19. Rxd4 c5 20. Qd2 {Larsen/Kavalek} (20. Qxb6 $1
Bxg2+ 21. Nxg2 axb6 22. Rd5)) 18... Bg6 19. Nc2 Be7 20. c5 Nd5 21. Nb4 Nxb4 22.
Qxb4 Rd5 23. Bf2 Rh5 24. f4 Rf5 25. g3 Rd5 26. Rxd5 cxd5 27. Bf3 Rd8 $2 (27...
Be4) 28. Re1 (28. f5 $1 Bxf5 29. g4 $18 {/\30.Lg3}) 28... Bf8 $2 29. Qd4 $2 (
29. f5 $1) 29... Be4 30. Bxe4 dxe4 31. Qxf6 {Kavalek offered a draw.} Re8 32.
Bd4 Qd7 33. Rc1 $2 $138 (33. Be3 $142) 33... e3 $1 34. c6 bxc6 35. Kg1 e2 36.
Kf2 Bb4 37. Be5+ Kb7 38. Bc3 (38. Kxe2 $2 Qd2+) 38... Bc5+ 39. Kf3 0-1

[Event "URS-chT Cup 11th"]
[Site "Rostov on Don"]
[Date "1980.05.??"]
[Round "5"]
[White "Petrushin, Alexander I"]
[Black "Dorfman, Josif D"]
[Result "1/2-1/2"]
[WhiteElo "2390"]
[BlackElo "2540"]
[Annotator "RR"]
[PlyCount "50"]
[EventDate "1980.05.23"]
[EventType "team-tourn"]
[EventRounds "7"]
[EventCountry "URS"]
[SourceTitle "EXT 2020"]
[Source "ChessBase"]
[SourceDate "2019.10.17"]
[SourceVersion "1"]
[SourceVersionDate "2019.10.17"]
[SourceQuality "1"]
[WhiteTeam "Trud"]
[BlackTeam "Soviet Army"]
[WhiteTeamCountry "URS"]
[BlackTeamCountry "URS"]

1. e4 c6 2. d4 d5 3. Nc3 dxe4 4. Nxe4 Nf6 5. Nxf6+ gxf6 {La variante Bronstein}
6. c3 Bf5 7. Ne2 {[%cal Ge2g3,Gg3f5]} e6 8. Ng3 Bg6 9. h4 {[%cal Gh4h5]} h5 10.
Be2 {[%csl Rh5]} Qa5 {[%cal Ga5h5]} 11. a3 $146 (11. b4 {Karaklajic,N-Bhend,E
Monte Carlo-C 1967 1-0}) 11... Nd7 12. b4 Qc7 13. Bxh5 Bxh5 14. Nxh5 O-O-O $32
15. g3 Qd6 16. Nf4 e5 17. Ng2 exd4 18. cxd4 Ne5 19. O-O Qd5 20. Nf4 Nf3+ 21.
Kh1 Qe4 22. Qe2 f5 $1 23. Qxe4 fxe4 24. Kg2 Be7 25. h5 Nxd4 1/2-1/2

[Event "Copenhagen Open-03 (Politiken Cup-02)"]
[Site "Copenhagen"]
[Date "1981.06.21"]
[Round "2"]
[White "Jansa, Vlastimil"]
[Black "Brinck Claussen, Bjorn"]
[Result "1/2-1/2"]
[WhiteElo "2495"]
[BlackElo "2375"]
[Annotator "Ftacnik,L"]
[PlyCount "138"]
[EventDate "1981.06.20"]
[EventType "swiss"]
[EventRounds "10"]
[EventCountry "DEN"]
[SourceTitle "EXT 2000"]
[Source "ChessBase"]
[SourceDate "1999.11.16"]
[SourceVersion "1"]
[SourceVersionDate "1999.11.16"]
[SourceQuality "1"]

1. e4 c6 2. d4 d5 3. Nd2 dxe4 4. Nxe4 Nf6 5. Nxf6+ gxf6 6. Nf3 Bf5 7. g3 e6 $6
(7... Qd5) 8. Bg2 Nd7 9. O-O Nb6 $2 10. b3 Bg7 11. a4 a5 12. Ba3 Bg4 13. Qd2 f5
14. Rad1 h5 15. c4 h4 16. Rfe1 hxg3 17. hxg3 Bh6 18. Qe2 Nd7 19. d5 $1 cxd5 20.
cxd5 e5 21. Qb5 e4 22. Nd4 Bf8 23. Bxe4 $1 Bxa3 24. Bxf5+ Kf8 25. Bxg4 Nf6 26.
Bf3 Qc8 27. d6 Qh3 28. Qg5 Rh6 29. Nf5 Rg6 30. Qf4 Bc5 31. Bg2 Qh5 32. Rc1 Rg4
33. Qe5 Bd4 34. Nxd4 $2 (34. Qe7+ $142) 34... Qxe5 35. Rxe5 Rxd4 36. Bxb7 Rb8
37. Rb5 Rxd6 38. Rc2 $2 Rd3 39. Bc6 Rxb5 40. axb5 Rxb3 41. Ra2 Ng4 42. Kg2 Rb4
43. Bf3 Ne5 44. Rxa5 Rb2 45. g4 $2 (45. Be4 $142) 45... Kg7 46. g5 Nc4 47. Ra4
Nb6 48. Ra5 Nc4 49. Ra4 Nb6 50. Ra6 Rxb5 51. Kh3 Nd7 52. Rd6 Ne5 53. Be4 Rb3+
54. Kg2 Rc3 55. f3 Nc4 56. Rf6 Ne5 57. Kg3 Rc7 58. Kf4 Nd7 59. Rh6 Nf8 60. Ra6
Ne6+ 61. Kg4 Rc5 62. g6 Nc7 63. Rb6 Nd5 64. Bxd5 Rxd5 65. gxf7 Kxf7 66. f4 Ra5
67. Rh6 Rb5 68. Ra6 Rc5 69. Kf3 Rb5 1/2-1/2

[Event "RSFSR-ch"]
[Site "Kuibyshev"]
[Date "1990.??.??"]
[Round "?"]
[White "Isupov, Vladimir"]
[Black "Voitsekhovsky, Stanislav"]
[Result "1/2-1/2"]
[WhiteElo "2315"]
[BlackElo "2335"]
[Annotator "King,D"]
[PlyCount "108"]
[EventDate "1990.??.??"]
[EventType "tourn"]
[EventRounds "15"]
[EventCountry "URS"]
[EventCategory "6"]
[SourceTitle "CBM 021"]
[Source "ChessBase"]
[SourceDate "1991.04.01"]
[SourceVersion "1"]
[SourceVersionDate "1991.04.01"]
[SourceQuality "1"]

1. e4 c6 2. d4 d5 3. Nd2 dxe4 4. Nxe4 Nf6 5. Nxf6+ gxf6 6. c3 Bf5 7. Ne2 Nd7 8.
Ng3 Bg6 9. h4 h5 10. Be2 Qa5 11. a3 $5 (11. b4 Qc7 12. Nxh5 a5 13. Nf4 axb4 14.
Nxg6 fxg6 15. cxb4 e5 $44 {Adorjan-Bellon 1978.}) 11... O-O-O 12. b4 Qc7 13.
Bxh5 f5 14. Bxg6 fxg6 15. Bg5 $14 Re8 16. f4 Bh6 17. Bxh6 Rxh6 18. Ne2 Nf6 19.
g3 Qd7 20. Qb3 Ng4 21. Rf1 e6 22. c4 Rh7 23. O-O-O Qc7 24. Kb1 b6 25. Ng1 c5
26. Nf3 cxd4 27. Nxd4 Kb8 28. Nf3 e5 29. Nxe5 Nxe5 30. Rfe1 Rhe7 31. fxe5 Rxe5
32. Rxe5 Qxe5 33. Qd3 Qe4 34. Kb2 Qxd3 35. Rxd3 Re4 36. Kc3 Rg4 37. Rf3 Kc7 38.
b5 Kb7 39. Kb4 Kc7 40. a4 Kb7 41. Re3 f4 42. Re7+ Kb8 43. Re4 g5 44. hxg5 Rxg3
45. Rxf4 Rxg5 46. a5 bxa5+ 47. Kxa5 Rg6 48. Rf8+ Kc7 49. Rf7+ Kb8 50. Rd7 Rh6
51. c5 Rh1 52. Kb4 Rc1 53. c6 Rc2 54. Rd1 Kc7 1/2-1/2

[Event "Taastrup"]
[Site "Taastrup"]
[Date "1990.??.??"]
[Round "7"]
[White "Vogt, Lothar"]
[Black "Bronstein, David Ionovich"]
[Result "1-0"]
[WhiteElo "2500"]
[BlackElo "2445"]
[Annotator "King,D"]
[PlyCount "47"]
[EventDate "1990.02.??"]
[EventType "tourn"]
[EventRounds "9"]
[EventCountry "DEN"]
[EventCategory "9"]
[SourceTitle "CBM 020"]
[Source "ChessBase"]
[SourceDate "1991.02.01"]
[SourceVersion "1"]
[SourceVersionDate "1991.02.01"]
[SourceQuality "1"]

1. e4 c6 2. d4 d5 3. Nd2 dxe4 4. Nxe4 Nf6 5. Nxf6+ gxf6 6. Nf3 Bg4 7. Be2 Qc7
8. Be3 Nd7 9. c4 e6 10. O-O O-O-O 11. Qa4 Kb8 12. Kh1 c5 {Looks a bit dodgy.
12...f5!?} 13. Rad1 Bd6 14. h3 Bh5 15. b4 $1 cxb4 16. c5 Bf4 17. Bxf4 Qxf4 18.
Qxb4 Rhg8 19. Rb1 Qe4 20. Rg1 a5 21. Qb5 Qd5 22. Bc4 Bxf3 23. Bxd5 Bxd5 24. c6
1-0

[Event "Moscow Veterans"]
[Site "Moscow"]
[Date "1991.??.??"]
[Round "?"]
[White "Geller, Efim P"]
[Black "Vasiukov, Evgeni"]
[Result "1-0"]
[WhiteElo "2525"]
[BlackElo "2500"]
[Annotator "Blatny,P"]
[PlyCount "73"]
[EventDate "1991.06.??"]
[EventType "tourn"]
[EventRounds "9"]
[EventCountry "URS"]
[EventCategory "10"]
[SourceTitle "CBM 025"]
[Source "ChessBase"]
[SourceDate "1991.12.01"]
[SourceVersion "1"]
[SourceVersionDate "1991.12.01"]
[SourceQuality "1"]

1. e4 c6 2. d4 d5 3. Nd2 dxe4 4. Nxe4 Nf6 5. Nxf6+ gxf6 6. Nf3 (6. c3 Bf5 7.
Ne2 h5 8. Ng3 Bg4 9. f3 Be6 10. Bf4 Qa5 11. Bd3 h4 12. Ne4 Nd7 13. O-O Qh5 $132
{Estrin-Stecko, USSR 1974}) 6... Bg4 (6... Bf5 7. Bd3 Bxd3 8. Qxd3 Qc7 9. Be3
e6 10. O-O-O Nd7 11. Kb1 O-O-O 12. c4 $14 {Raaste-Tseitlin, Lodz 1980}) 7. Bf4
(7. Be3 Na6 8. Bc4 e6 9. h3 Bh5 $13) (7. Be2 Qc7 8. Be3 (8. O-O Nd7 9. c4 O-O-O
10. h3 Bh5 11. Qa4 Kb8 12. Be3 e6 13. b4 f5 $13) 8... Nd7 9. Qd2 $14) 7... Qa5+
8. c3 Qf5 9. Bg3 Bxf3 10. gxf3 Bh6 11. Bd3 Qe6+ 12. Kf1 Qh3+ 13. Kg1 Nd7 14.
Qb3 Nb6 15. Re1 e6 16. a4 O-O 17. Re4 Bg5 18. Qd1 f5 $2 (18... Qh5 19. Rg4 f5 (
19... Kh8 $5) 20. h4 $1 fxg4 21. fxg4 Qh6 22. hxg5 Qxg5 23. Bxh7+ Kh8 (23...
Kg7 24. Be5+ f6 25. f4 $18) 24. Bf5+ Kg8 25. Be5 f6 26. Bxe6+ Kg7 27. f4 Qg6
28. Bf5 Qe8 29. Rh7+ Kg8 30. Qb3+ Nd5 $8 31. Qxb7 $18) 19. Rh4 $1 Qxh4 (19...
Bxh4 20. Bf1 $18) 20. Bxh4 Bxh4 21. Kf1 Kh8 22. Rg1 Bf6 23. f4 Nd5 24. Qf3 Rad8
25. Bc4 Ne7 26. Qh5 Bg7 27. Qg5 Ng6 28. h4 Rg8 29. Bxe6 $1 fxe6 30. h5 $18 Nxf4
(30... Nf8 31. h6 Rd7 32. hxg7+ Rdxg7 33. Qf6 $18) 31. Qxf4 e5 $6 32. Qxf5 Rgf8
33. Qe6 Rde8 34. Qd7 Bh6 35. Rg3 Rd8 (35... e4 $8 36. Ke2 $18) 36. Qe6 Bf4 37.
Rg8+ $1 (37. Rg8+ Rxg8 38. Qf6+ Rg7 39. Qxd8+ Rg8 40. Qf6+ Rg7 41. h6 $18) 1-0

[Event "Valby K41"]
[Site "Valby"]
[Date "1991.??.??"]
[Round "9"]
[White "Smagin, Sergey"]
[Black "Nielsen, Peter Heine"]
[Result "1-0"]
[WhiteElo "2535"]
[BlackElo "2445"]
[Annotator "Blatny,P"]
[PlyCount "47"]
[EventDate "1991.09.??"]
[EventType "tourn"]
[EventRounds "9"]
[EventCountry "DEN"]
[EventCategory "10"]
[SourceTitle "CBM 027"]
[Source "ChessBase"]
[SourceDate "1992.04.01"]
[SourceVersion "1"]
[SourceVersionDate "1992.04.01"]
[SourceQuality "1"]

1. e4 {Ernst} c6 2. d4 d5 3. Nd2 dxe4 4. Nxe4 Nf6 5. Nxf6+ gxf6 (5... exf6 $14)
6. c3 Bf5 {/\Nd7,Qc7,0-0-0} 7. Nf3 e6 8. g3 $5 {N} (8. Bd3) 8... Qb6 (8... Be4
{Ernst} 9. Bg2 h5 10. O-O f5 11. Re1 Be7 12. Bf1 c5 $1 $10 {Ernst - Sehner,
Kopenhagen (open) 1986.}) 9. Qe2 {><e4} Bd6 10. Nh4 Bg6 11. Be3 Qc7 (11... Be4
$2 12. f3 Bg6 13. d5 $40) 12. Bg2 Nd7 13. O-O O-O-O $6 (13... O-O) 14. c4 {-><<
} c5 $8 (14... f5 15. c5 Be7 16. Nxg6 hxg6 17. Bf4 Qa5 18. b4 Qxb4 19. Rab1 Qa5
20. Bxc6 $1 bxc6 21. Qb2 $18) 15. Rac1 Kb8 16. Rfd1 {<->d} cxd4 (16... f5 17.
b4 $36) 17. Bxd4 {/^b2-h8,e3-a7} Be5 (17... Bc5 $142) 18. Be3 f5 (18... Nc5 19.
Nxg6 hxg6 20. b4 $40) 19. f4 Bf6 20. Nxg6 hxg6 21. c5 $18 {/\c6} Be7 (21... Nf8
22. c6 Rxd1+ 23. Qxd1 b6 24. b4 $18) 22. c6 bxc6 23. Rxc6 Qa5 24. Ra6 1-0

[Event "St Petersburg op2"]
[Site "St Petersburg"]
[Date "1994.??.??"]
[Round "8"]
[White "Zagrebelny, Sergey"]
[Black "Orlov, Vassily"]
[Result "1-0"]
[WhiteElo "2515"]
[BlackElo "2350"]
[Annotator "Zagrebelny,S"]
[PlyCount "83"]
[EventDate "1994.10.??"]
[EventType "swiss"]
[EventRounds "9"]
[EventCountry "RUS"]
[SourceTitle "CBM 043 Extra"]
[Source "ChessBase"]
[SourceDate "1995.01.01"]
[SourceVersion "1"]
[SourceVersionDate "1995.01.01"]
[SourceQuality "1"]

1. e4 c6 2. d4 d5 3. Nd2 dxe4 4. Nxe4 Nf6 5. Nxf6+ gxf6 6. Nf3 Bf5 7. Bd3 Nd7
$5 8. Bf4 (8. O-O Bxd3 9. Qxd3 Qc7) 8... Bxd3 9. Qxd3 Qa5+ 10. c3 O-O-O 11. O-O
Qh5 12. Rfe1 Rg8 13. Rad1 (13. Kh1 $5) 13... e6 14. Qe2 $6 (14. Bg3 f5 15. b4
$14) 14... Qg4 $1 15. Bg3 Bd6 16. Nh4 Bxg3 17. hxg3 h5 (17... f5 $1 $10) 18.
Qe3 Kb8 (18... Nb6 19. b3 Nd5 20. Qc1 f5 21. c4 Nf6 22. Qe3 $14) 19. Nf3 Ka8
20. c4 Nb6 21. b3 $14 Nc8 22. Qc3 Nd6 (22... Ne7 23. d5 $16) 23. Qc2 (23. d5 $2
Ne4 24. Qe3 cxd5 $17) 23... Nf5 (23... f5 24. d5 cxd5 25. cxd5 Rc8 26. Qd3 Ne4
$13) 24. Re4 Qg6 25. Qe2 c5 (25... Rd7 $32 {/\ Rgd8,><d4}) 26. Nh4 $1 Nxh4 27.
Rxh4 cxd4 28. Rhxd4 Rxd4 29. Rxd4 $16 a6 30. Qd1 Qf5 31. b4 $6 (31. Rd8+ $5
Rxd8 32. Qxd8+ Ka7 33. Qd4+ $16) 31... Rg4 $1 32. a3 (32. Rd8+ Ka7 33. c5 Rxb4
$2 (33... h4 34. Qd6 Qb1+ 35. Kh2 hxg3+ 36. Kh3 $1 $18) (33... Qe5 $8 34. Qd7
Qe1+ 35. Kh2 Qxf2 36. Qc7 Rh4+ $10) 34. Qd6 a5 35. a4 $3 Qe5 36. Qf8 $18) 32...
Rxd4 $2 (32... Qe5 33. Rxg4 hxg4 $14) 33. Qxd4 Qg5 34. a4 f5 35. b5 axb5 36.
axb5 $18 b6 37. Kh2 Qc1 38. Qd8+ Kb7 39. Qd7+ Kb8 40. Qe8+ Kb7 41. Qxf7+ Kb8
42. Qxe6 1-0

[Event "Olympiad-31"]
[Site "Moscow"]
[Date "1994.12.06"]
[Round "6.1"]
[White "Campora, Daniel Hugo"]
[Black "Morozevich, Alexander"]
[Result "1-0"]
[WhiteElo "2560"]
[BlackElo "2575"]
[Annotator "Dolmatov,S"]
[PlyCount "43"]
[EventDate "1994.12.01"]
[EventType "team-swiss"]
[EventRounds "14"]
[EventCountry "RUS"]
[SourceTitle "CBM 045"]
[Source "ChessBase"]
[SourceDate "1995.04.01"]
[SourceVersion "1"]
[SourceVersionDate "1995.04.01"]
[SourceQuality "1"]
[WhiteTeam "Argentina"]
[BlackTeam "Russia II"]
[WhiteTeamCountry "ARG"]
[BlackTeamCountry "RUS"]

1. e4 {Blatny,P Ftacnik} c6 2. d4 d5 3. Nd2 dxe4 4. Nxe4 Nf6 5. Nxf6+ gxf6 (
5... exf6 $14 {Blatny,P}) 6. c3 Bf5 7. Nf3 Nd7 (7... e6 8. Bf4 Nd7 9. Be2 Nb6
10. O-O Nd5 11. Bg3 Bh6 12. c4 Nf4 13. Bxf4 Bxf4 14. d5 $16 {Boleslavsky,
I-Flohr,S/URS/1944/}) 8. g3 Nb6 $6 (8... Be4 $5 9. Bg2 e6 10. O-O Bg7 11. Re1
f5 $14) 9. Bg2 (9. Qe2 {Ftacnik} Qd7 10. Bg2 O-O-O 11. O-O Bh3 12. a4 Bxg2 13.
Kxg2 h5 14. a5 Nd5 15. a6 b6 16. c4 Nc7 17. Bf4 Ne6 18. Be3 Bh6 19. d5 cxd5 20.
cxd5 Qxd5 21. Bxh6 Nd4 22. Rac1+ Kb8 23. Bf4+ e5 24. Bxe5+ $16 {Liberzon,
V-Pasman,M/Beersheba/1982/1-0 (51)}) 9... Qd7 10. O-O (10. a4 {Ftacnik} Qe6+
11. Kf1 Qc4+ 12. Kg1 Qd3 13. Qxd3 Bxd3 14. a5 Nd5 15. Ne1 Ba6 16. Bf3 e6 17.
Bd2 f5 18. b3 Bg7 19. Rd1 Nf6 20. c4 Ne4 21. Be3 O-O 22. Nc2 Rfd8 23. Kg2 Rd7
24. Rhe1 $10 {Goetz,R-Derikum,A/BL 8889/1988/0.5 (27)}) 10... h5 $2 (10... Bh3
11. Bxh3 Qxh3 12. a4 Qd7 13. a5 Nc8 $14) 11. a4 $1 $16 Bh3 $2 (11... a5 $8 12.
Nh4 (12. Qb3 {Ftacnik} Ra6 13. Re1 Bh3 14. Bxh3 Qxh3 15. c4 $16) 12... Bg4 13.
Qb3 Nd5 14. Bd2 Bh6) (11... O-O-O {Blatny,P} 12. a5 {/\a6}) 12. Bxh3 (12. a5 {
Blatny,P} Bxg2 13. Kxg2 (13. axb6 $2 Bxf1 14. Rxa7 Rd8 15. Qxf1 Bh6 $17) 13...
Nd5 $13) 12... Qxh3 13. a5 Nc8 (13... Nd5 14. c4 (14. Qb3 {Blatny,P /\a6})
14... Nb4 (14... Nc7 {Ftacnik} 15. Bf4 $36 (15. Qb3 O-O-O $1)) 15. Qb3 e6 16.
Bd2 $18) 14. a6 b6 (14... Qd7 {Ftacnik} 15. axb7 Qxb7 16. Re1 $16) 15. d5 c5 (
15... Qd7 16. dxc6 Qxc6 17. Nd4 Qd7 18. Qf3 $18) (15... cxd5 {Ftacnik} 16. Qxd5
Rb8 17. Qb7 $3 $18) 16. Re1 Qd7 (16... Nd6 17. Bf4 (17. b4 $5 $40 {Ftacnik})
17... O-O-O 18. b4 $1 $40) 17. Nh4 $5 (17. Bf4 $6 Bh6 18. Bxh6 Rxh6 19. Qd2 $16
) 17... Qg4 (17... Bh6 $2 18. Qxh5) (17... Nd6 18. Bf4 O-O-O 19. b4 $18 (19. b4
{Ftacnik} c4 20. Bxd6 Qxd6 21. Nf5 Qc7 22. d6 exd6 23. Qd5 $18)) 18. Qc2 Qd7 (
18... Nd6 {Ftacnik} 19. Bf4 O-O-O 20. Bxd6 Rxd6 21. Nf5 Rd7 22. Ra4 $16) 19.
Bf4 Bh6 (19... Nd6 {Ftacnik} 20. Bxd6 Qxd6 21. Nf5 Qd7 22. Re2 O-O-O 23. Rae1
Re8 24. b4 $40) (19... Qxd5 $2 {Blatny,P} 20. Rad1 Qc6 21. Qd3 $18) 20. Ng6 $1
$18 Rg8 (20... fxg6 21. Qxg6+ Kd8 (21... Kf8 22. Bxh6+ Rxh6 23. Qxh6+ $18) 22.
Bxh6 Qg4 (22... Nd6 {Blatny,P +/-/+- _|_}) 23. Qf7 $18 (23. Qxg4 hxg4 24. Bf4
Kd7 25. Re6 $18)) (20... Bxf4 {Ftacnik} 21. Nxh8 Bd6 22. Qh7 $18) 21. Nxe7 Nxe7
22. d6 (22. d6 {Ftacnik} Bxf4 23. Rxe7+ Qxe7 24. dxe7 $18 (24. dxe7 {Blatny,P}
Be5 25. f4 Bd6 (25... Bxf4 26. Qe4 $18) 26. Re1 $1 (26. Qa4+ Kxe7 27. Re1+ Kf8
28. Qc6 Rd8) 26... b5 $8 27. Qe4 Rc8 28. Qb7 $18)) 1-0

[Event "RUS-ch U20"]
[Site "Ekaterinburg"]
[Date "1996.??.??"]
[Round "9"]
[White "Yemelin, Vasily"]
[Black "Turov, Maxim"]
[Result "1/2-1/2"]
[WhiteElo "2495"]
[BlackElo "2385"]
[Annotator "Hecht,H"]
[PlyCount "114"]
[EventDate "1996.??.??"]
[EventType "tourn"]
[EventRounds "11"]
[EventCountry "RUS"]
[EventCategory "8"]
[SourceTitle "CBM 054"]
[Source "ChessBase"]
[SourceDate "1996.10.01"]
[SourceVersion "1"]
[SourceVersionDate "1996.10.01"]
[SourceQuality "1"]

1. e4 c6 2. d4 d5 3. Nc3 dxe4 4. Nxe4 Nf6 5. Nxf6+ gxf6 6. Be2 Bf5 7. Bf3 e6 8.
Ne2 h5 9. O-O Nd7 10. c4 Qc7 11. Bf4 e5 12. dxe5 fxe5 13. Bg5 f6 14. Ng3 O-O-O
15. Nxf5 fxg5 16. Be4 Nf6 17. Qc2 Bc5 18. Rab1 Rhf8 19. b4 Nxe4 20. Qxe4 Bd4
21. c5 Kb8 22. Rbd1 Qh7 23. Nd6 Bxf2+ 24. Kh1 Qxe4 25. Nxe4 Rxd1 26. Rxd1 Be3
27. g3 g4 28. Kg2 Bd4 29. h3 gxh3+ 30. Kxh3 Rf3 31. Kh4 Re3 32. Nd6 a5 33. Rb1
axb4 34. Rxb4 Bxc5 35. Rxb7+ Ka8 36. Rd7 Bxd6 37. Rxd6 {[#] Nach Fall von a2
und h5 aktiver wK und g-Freibauer als Kompensation für die vereinzelten s
Freibauern; kein Zusammenspiel von sT und K.  Kleine taktische Raffinessen} Kb7
38. Rg6 Re2 39. Kxh5 Rxa2 40. Kg5 Re2 41. Kf5 c5 (41... Kb6 42. Re6 Kb5 43.
Rxe5+ $10) 42. g4 c4 43. Rh6 e4 44. Kf4 c3 45. Rh3 c2 46. Rc3 e3 47. Rc4 $1 (
47. g5 $2 Rg2 48. g6 e2 49. Rxc2 Rf2+ 50. Kg3 e1=Q 51. Rxf2 Qe3+ 52. Kg2 Qg5+
$19) 47... Kb6 48. Kf3 Kb5 49. Rc8 Rh2 50. Kxe3 Kb4 51. g5 Kb3 52. g6 (52. Ke4
Rh4+ 53. Kf5 (53. Kd5 Rg4 54. Rb8+ Kc3 55. Rc8+ Kd2 $19) 53... Rc4 $19) 52...
Rg2 53. Kd3 Kb2 (53... Rxg6 54. Rc3+ $10) 54. Rxc2+ Rxc2 55. Ke4 Kc3 56. Ke5
Rg2 57. Kf6 Rf2+ 1/2-1/2

[Event "Olympiad-32"]
[Site "Yerevan"]
[Date "1996.09.30"]
[Round "13.1"]
[White "Spangenberg, Hugo"]
[Black "Spraggett, Kevin"]
[Result "1-0"]
[WhiteElo "2555"]
[BlackElo "2530"]
[Annotator "Lempert,I"]
[PlyCount "67"]
[EventDate "1996.09.15"]
[EventType "team-swiss"]
[EventRounds "14"]
[EventCountry "ARM"]
[SourceTitle "CBM 055"]
[Source "ChessBase"]
[SourceDate "1996.12.01"]
[SourceVersion "1"]
[SourceVersionDate "1996.12.01"]
[SourceQuality "1"]
[WhiteTeam "Argentina"]
[BlackTeam "Canada"]
[WhiteTeamCountry "ARG"]
[BlackTeamCountry "CAN"]

1. e4 c6 2. d4 d5 3. Nd2 dxe4 4. Nxe4 Nf6 5. Nxf6+ gxf6 6. c3 Qc7 $5 (6... Bf5)
7. g3 h5 8. Nf3 Bg4 9. h3 (9. Bg2 Nd7 10. O-O h4 11. Qd3 hxg3 12. fxg3 e6 13.
Bf4 Bd6 14. Bxd6 Qxd6 15. Nh4 f5 16. Rae1 O-O-O $13 {Bauer,T-Hickl,J/GER/1986/}
) 9... Bxf3 $6 (9... Be6 10. Bf4 (10. Bg2 Qd7 11. Bf4 Na6 12. Qe2 Bh6 13. Bxh6
Rxh6 $13) 10... Qd7) 10. Qxf3 h4 $6 (10... Bh6 $142 11. Bxh6 Rxh6 12. Bg2 (12.
h4 Nd7 13. Bg2 e6 14. O-O O-O-O 15. b4 f5 $132) 12... Nd7 13. O-O h4) 11. Bf4
Qa5 12. Bc4 hxg3 13. fxg3 Nd7 14. O-O-O $16 Nb6 15. Bb3 Qb5 $2 (15... e6 $16)
16. d5 $1 $18 cxd5 17. Bc7 Bh6+ 18. Kb1 Nc4 19. Rxd5 Qc6 20. Bxc4 Qxc4 21. Ba5
e6 22. Rd4 Qc6 23. Qd1 f5 24. Re1 b6 25. Bb4 Bf8 26. Bxf8 Kxf8 27. g4 fxg4 28.
Qxg4 Rg8 29. Qh4 Ke8 30. Red1 Qc7 31. Qh7 Rf8 32. Qd3 Rc8 33. Qb5+ Qc6 34. Rd8+
1-0

[Event "Reggio Emilia 9798 40th"]
[Site "Reggio Emilia"]
[Date "1997.12.30"]
[Round "5"]
[White "Godena, Michele"]
[Black "Efimov, Igor"]
[Result "1-0"]
[WhiteElo "2515"]
[BlackElo "2540"]
[Annotator "Blatny,P"]
[PlyCount "57"]
[EventDate "1997.12.26"]
[EventType "tourn"]
[EventRounds "11"]
[EventCountry "ITA"]
[EventCategory "10"]
[SourceTitle "CBM 063"]
[Source "ChessBase"]
[SourceDate "1998.03.26"]
[SourceVersion "1"]
[SourceVersionDate "1998.03.26"]
[SourceQuality "1"]

1. e4 c6 2. d4 d5 3. Nc3 dxe4 4. Nxe4 Nf6 5. Nxf6+ gxf6 6. c3 Bf5 7. Ne2 h5 {
[%csl Rd5,Rd6,Re5,Re6,Rf6][%cal Rh5h3,Rh3g2]} 8. Nf4 h4 9. Qf3 Nd7 10. g4 hxg3
11. hxg3 (11. fxg3 e5 12. g4 (12. Ng2 Be6 $11) 12... Bh7 13. Ne2 exd4 14. cxd4
Bb4+ 15. Kf2 Qe7 16. Bg2 O-O-O 17. a3 Bc5 18. Be3 Ne5 $40 {0-1 Bilek,
I-Bronstein,D/HUN-URS 1955}) 11... Rg8 (11... Bg4 12. Qg2 Ne5 13. Rxh8 Nf3+ 14.
Qxf3 Bxf3 $16) 12. Bh3 $14 Bxh3 13. Rxh3 Qa5 {/\0-0-0} 14. Rh5 e5 $5 15. Nd3 {
[%csl Yd1,Ye1,Ye2,Yf1][%cal Gh5a5,Gd3e5]} O-O-O 16. dxe5 fxe5 17. Qxf7 Bd6 18.
Be3 Rgf8 19. Qe6 Rfe8 $4 (19... Bc7 $142) (19... Rf6 20. Qc4 Rg6 21. O-O-O Nb6
22. Bxb6 Qxb6 23. Nxe5) 20. Qxd6 Qa4 21. Qb4 (21. Rh4 e4 22. Nc5 $18) 21... Qc2
22. Rd1 (22. Qe4 $142 $5 Nf6 23. Qf5+ Kb8 24. Qxf6 Qxd3 25. Rxe5 Rh8 26. Bh6
$18) 22... Nf6 23. Rf5 Rh8 (23... e4 24. Rxf6 exd3 25. Qg4+ Kb8 26. Rd2 Qb1+
27. Qd1 Qxa2 28. Rxd3 $18) 24. Rd2 Qb1+ 25. Ke2 e4 (25... Nd5 26. Qg4 $18) 26.
Nc5 b6 27. Qa4 $1 bxc5 28. Qxc6+ (28. Rxf6 $4 Rxd2+ 29. Kxd2 Qd3+ 30. Kc1 Rh1+
31. Qd1 Rxd1#) 28... Kb8 29. Bf4+ 1-0